000 01126nam0a2200289 4500
001 RU\NLR\bibl\1509792
005 20250616023053.0
010 _a978-5-7045-1002-4
_9500
021 _aRU
_b2010-23813
_91595
035 _a(NLR Aleph) 001501192
090 _a1795865
_c1795865
100 _a20100512d2010 |||y0rusy50 ca
101 0 _arus
102 _aRU
105 _aa |||||||||
200 1 _aМоделирование системы государственного регулирования экономики страны через ее естественные монополии
_fМ.И. Кутернин
210 _aМосква
_cИзд-во МГОУ
_d2010
215 _a168 с.
_cил.
_d20
320 _aБиблиогр.: с. 163-168 (79 назв.)
606 1 _aЕстественные монополии
_yРоссийская Федерация
_92258733
_3RU\NLR\auth\661354462
686 _aУ9(2)-13(2Р)
700 1 _aКутернин
_bМ. И.
_gМихаил Иванович
_4070
801 0 _aRU
_bNLR
_c20100512
_gRCR
801 1 _aRU
_bNLR
_c20100512
942 _cBOOK
980 _aNB